Grafías: escritura asociativa-avanzada, cursiva 5
Saved in:
| Hovedforfatter: | |
|---|---|
| Format: | Bog |
| Sprog: | spansk |
| Udgivet: |
Bogotá
Norma
1990
|
| Serier: | Serie grafías para el desarrollo de la escritura
|
| Fag: | |
| Tags: |
Tilføj Tag
Ingen Tags, Vær først til at tagge denne postø!
|
MARC
| LEADER | 00000nam a2200000 a 4500 | ||
|---|---|---|---|
| 001 | UCW6668 | ||
| 003 | CL-VaPUC | ||
| 008 | 920421e19900000CK |||||||||||||||||spa|d | ||
| 082 | 0 | 4 | |a 372.634 |b MAR |2 21 |
| 100 | |a Martínez de Lombana, Marta Lucía |e autora |9 311693 | ||
| 245 | 1 | 0 | |a Grafías: escritura asociativa-avanzada, cursiva 5 |
| 300 | |a 64 p | ||
| 942 | |c BK | ||
| 945 | |d 19920421 00:00:00 | ||
| 260 | |a Bogotá |b Norma |c 1990 | ||
| 650 | 7 | |a ESCRITURA EDUCACION BASICA |2 CL-VaPUC |9 311681 | |
| 583 | |a last modification |c 19920421 00:00:00 |k Rodrigo Vera | ||
| 490 | 0 | |a Serie grafías para el desarrollo de la escritura | |
| 999 | |c 219637 |d 219635 | ||
| 952 | |0 0 |1 0 |4 0 |6 372_634000000000000_MAR_1990 |7 0 |8 A |9 210825 |a BIBEDU |b BIBEDU |d 2019-11-15 |h v.5 |i 2790483 |o 372.634 MAR 1990 |p 2790483 |r 2019-11-15 |w 2019-11-15 |y BK |k EDU | ||